Statistiques concernant Pokémon-Les Balls selon leur bonus de capture

Cliquez ici pour prendre le quiz!

Statistiques générales

  • Ce quiz a été pris 32 fois
  • Le résultat moyen est 13 sur 16

Statistiques - réponses

Description du bonus de captureBall% Correct
x255Master Ball
100%
x1.5Super Ball
100%
x1Poké Ball
93%
x4 si utilisée lors du 1er tourRapide Ball
93%
x3 si le Pokémon est de type Eau ou InsecteFilet Ball
90%
x2Hyper Ball
90%
1+(nombre de tours passés/10), x4 maxChrono Ball
83%
x3.5 dans une grotte ou la nuitSombre Ball
83%
x3 si le Pokémon a déjà été capturéBis Ball
80%
x3.5 sur un Pokémon sous-marinScuba Ball
80%
x8 si le Pokémon est de même espèce et du sexe opposéLove Ball
73%
x5 sur une Ultra-ChimèreUltra Ball
73%
Entre +20 et +40 selon le poidsMasse Ball
67%
40-(niveau du Pokémon/10), x1 minimumFaiblo Ball
63%
Entre x2 et x8 selon la différence de niveau avec l'adversaireNiveau Ball
50%
x3 si le Pokémon a été pêchéAppât Ball
40%

Distribution des résultats

Percentile par nombre de réponses

% des personnes avec chaque résultat

Votre développement - résultats

Vous n’avez pas pris ce quiz